| 000 | 00336nam a22001217a 4500 | ||
|---|---|---|---|
| 008 | 230623b xxu||||| |||| 00| 0 eng d | ||
| 082 |
_a328.73 _bJOH |
||
| 100 | _cCharles W. Johnson | ||
| 245 |
_aHouse Rules and Manual _bOne Hundred Fifth Congress |
||
| 260 |
_aWashington _bUS Government Press _c1997 |
||
| 300 | _a1336p | ||
| 942 |
_2ddc _cBK |
||
| 999 |
_c2416 _d2416 |
||